With man in mind (Record no. 61818)

MARC details
000 -LEADER
fixed length control field 00506nam a2200145 a 4500
008 - FIXED-LENGTH DATA ELEMENTS--GENERAL INFORMATION
fixed length control field 120416s1976 ||||||||||||||||| || u
050 ## - LIBRARY OF CONGRESS CALL NUMBER
Classification number NA 2542.4 Per
100 ## - MAIN ENTRY--PERSONAL NAME
Personal name Perin, Constance
245 10 - TITLE STATEMENT
Title With man in mind
246 ## - VARYING FORM OF TITLE
Title proper/short title an interdisciplinary prospectus for environmental design
260 ## - PUBLICATION, DISTRIBUTION, ETC.
Place of publication, distribution, etc. London
Name of publisher, distributor, etc. MIT
Date of publication, distribution, etc. 1976
300 ## - PHYSICAL DESCRIPTION
Extent 185p.
350 ## - PRICE (NR) (BK AM CF MU VM SE) [OBSOLETE]
Price 0.00
995 ## - RECOMMENDATION 995 [LOCAL, UNIMARC FRANCE]
-- 0.00
-- CBU-MAIN LIBRARY (Kitwe)
-- 1
-- 0.00
-- DAMAGED
-- Main Library Open Access Collection
Holdings
Withdrawn status Lost status Source of classification or shelving scheme Damaged status Not for loan Home library Current library Shelving location Date acquired Total Checkouts Full call number Barcode Date last seen Price effective from Koha item type
          CBU-MAIN LIBRARY, KITWE. CBU-MAIN LIBRARY, KITWE.   11/30/2022   NA 2542.4 Per 010215 11/30/2022 11/30/2022 MONOGRAPH